Procurement of facility management (Record no. 116244)

MARC details
000 -LEADER
fixed length control field 01295cam a22002655a 4500
001 - CONTROL NUMBER
control field L160132
008 - FIXED-LENGTH DATA ELEMENTS--GENERAL INFORMATION
fixed length control field 180725s2018 xxk f 000 0 eng d
035 ## - SYSTEM CONTROL NUMBER
System control number (Sirsi) u160132
041 0# - LANGUAGE CODE
Language code of text/sound track or separate title eng
110 2# - MAIN ENTRY--CORPORATE NAME
Corporate name or jurisdiction name as entry element International Facilities Management Association
9 (RLIN) 6210
110 2# - MAIN ENTRY--CORPORATE NAME
Corporate name or jurisdiction name as entry element Royal Institution of Chartered Surveyors
9 (RLIN) 4900
245 00 - TITLE STATEMENT
Title Procurement of facility management
250 ## - EDITION STATEMENT
Edition statement 1st ed
260 ## - PUBLICATION, DISTRIBUTION, ETC.
Place of publication, distribution, etc. Houston
Name of publisher, distributor, etc. IFMA
Date of publication, distribution, etc. 2018
260 ## - PUBLICATION, DISTRIBUTION, ETC.
Place of publication, distribution, etc. London
Name of publisher, distributor, etc. RICS
Date of publication, distribution, etc. 2018
300 ## - PHYSICAL DESCRIPTION
Extent 32p.
520 ## - SUMMARY, ETC.
Summary, etc. This professional statement (PS) and guidance note (GN) discusses facilities management procurement routes and processes open to organisations. It provides information and guidance on the various factors that need to be considered throughout a procurement process. This includes activities and key decisions during planning, procurement and post-procurement. Excludes FM strategy and the most appropriate sourcing of FM services.
520 ## - SUMMARY, ETC.
Summary, etc. Superseded by Global edition, 2020
590 ## - LOCAL NOTE (RLIN)
Local note KA
650 24 - SUBJECT ADDED ENTRY--TOPICAL TERM
Topical term or geographic name entry element PROCUREMENT
9 (RLIN) 6260
651 #4 - SUBJECT ADDED ENTRY--GEOGRAPHIC NAME
Geographic name ENGLAND AND WALES
690 ## - LOCAL SUBJECT ADDED ENTRY--TOPICAL TERM (OCLC, RLIN)
Topical term or geographic name as entry element Facilities management
9 (RLIN) 6240
856 40 - ELECTRONIC LOCATION AND ACCESS
Uniform Resource Identifier <a href="file:///C:/Users/ffogden/Downloads/Procurement_of_facility_management_1st_edition_PS_2018_archived.pdf">file:///C:/Users/ffogden/Downloads/Procurement_of_facility_management_1st_edition_PS_2018_archived.pdf</a>
Public note Archived on iSurv (subscription required)
942 ## - ADDED ENTRY ELEMENTS (KOHA)
Suppress in OPAC 0
Source of classification or shelving scheme Dewey Decimal Classification
Holdings
Withdrawn status Lost status Source of classification or shelving scheme Damaged status Not for loan Home library Current library Shelving location Date acquired Total Checkouts Full call number Barcode Date last seen Copy number Price effective from Koha item type
    Dewey Decimal Classification     London London Online 25/07/2018   ONLINE PUBLICATION 160132-1001 06/08/2019 1 06/08/2019 Book